| 000 | 00675nam a2200193 i 4500 | ||
|---|---|---|---|
| 001 | 61140 | ||
| 003 | ES-MaACL | ||
| 005 | 20250807233442.0 | ||
| 007 | t| | ||
| 008 | 031110s1957 sp |||| | spa d | ||
| 245 | 0 | 0 |
_aEtiqueta masculina _b: según las normas de "Esquire Magazine" / _ccon un prólogo de W. Fernández Flórez ; [traductor, Martín Millanes]. |
| 260 |
_aBarcelona : _bIberia, _c[1957] |
||
| 300 |
_aXX, 407 p. : _bil. ; _c22 cm. |
||
| 650 | 0 | 7 |
_aEtiqueta para hombres _2embne _9168579 |
| 700 | 1 |
_aFernández Flórez, Wenceslao, _d1885-1964 _949790 |
|
| 700 | 1 |
_aMillanes, Martín. _981165 |
|
| 852 |
_aES-MaACL _jC-13615 |
||
| 999 |
_c61140 _d61140 |
||